| 000 | 01142nam0a2200325 4500 | ||
|---|---|---|---|
| 001 | RU\NLR\bibl\1083701 | ||
| 005 | 20260531064640.0 | ||
| 010 |
_a5-699-01894-8 _94000 |
||
| 021 |
_aRU _b2007-22643 _91198 |
||
| 035 | _a(NLR Aleph) 001070869 | ||
| 090 |
_a997824 _c997824 |
||
| 100 | _a20070510d2007 |||y0rusy50 ca | ||
| 101 | 0 | _arus | |
| 102 | _aRU | ||
| 105 | _aa ||||||||| | ||
| 200 | 1 |
_aЯ + Вы = Любовь _e[стихотворения, песни, проза] _fЛариса Рубальская |
|
| 210 |
_aМосква _cЭксмо _d2007 |
||
| 215 |
_a316, [1] с. _cпортр. _d17 |
||
| 225 | 1 | _aНовинка | |
| 327 | 1 | _aСодерж.: Циклы: Сегодня что-то грустно мне; Просто я слушаю историю; На бис! | |
| 686 | _aШ6(2=Р)75я44 | ||
| 686 | _aЩ319.41(2) | ||
| 700 | 1 |
_4070 _8rus _7ca _aРубальская _bЛ. А. _f1945- _gЛариса Алексеевна _3RU\NLR\auth\7721140 _94206 |
|
| 801 | 0 |
_aRU _bNLR _c20070510 _gRCR |
|
| 801 | 1 |
_aRU _bNLR _c20070510 |
|
| 942 | _cBOOK | ||
| 980 | _aNB | ||